| 000 | 00598nam a22002057a 4500 | ||
|---|---|---|---|
| 003 | SEM | ||
| 999 |
_c70266 _d70266 |
||
| 005 | 20220608074542.0 | ||
| 008 | 200218b ||||| |||| 00| 0 germ d | ||
| 040 |
_aSEM _cSEM |
||
| 041 | _agerm. | ||
| 080 | _a803.0(075)/F-48 | ||
| 245 | _aFibel für den ersten Schreibleseunterricht an Sprachganzen. / | ||
| 260 |
_aBreslau: _bFranz goerlich, _c1866- |
||
| 300 |
_aS; _c23 cm |
||
| 505 |
_aTeil II - _tDruckschrift, _r/Comp. A. Ganitta, J. Hein _g1866.- 56 S. |
||
| 650 |
_aGerman language _xtextbook |
||
| 700 |
_aGanitta A. _4comp. |
||
| 700 |
_aHein J. _4comp. |
||
| 942 |
_2udc _cBK |
||